| History - European | 0 | 8 | 1 | 3 | 75 | 62 | 115.75 | 1 | 2 |
| Art - Music/Opera | 0 | 5 | 0 | 0 | 50 | 116 | 127.00 | 0 | 0 |
| History - American | 0 | 5 | 1 | 0 | 45 | 57 | 76.80 | 2 | 4 |
| History - Other | 0 | 4 | 2 | 1 | 30 | 90 | 112.00 | 1 | 1 |
| History - World | 0 | 3 | 1 | 0 | 25 | 72 | 93.00 | 0 | 2 |
| Literature - World/Misc poetry | 0 | 2 | 0 | 1 | 20 | 137 | 146.00 | 0 | 0 |
| Religion - Islam | 0 | 2 | 0 | 0 | 20 | 128 | 135.00 | 0 | 1 |
| Other Academic/Cross-Category - Any | 0 | 2 | 0 | 0 | 20 | 47 | 75.00 | 1 | 1 |
| Literature - European long fiction | 0 | 2 | 1 | 0 | 15 | 100 | 100.50 | 0 | 0 |
| Literature - British long fiction | 0 | 1 | 0 | 0 | 10 | 102 | 102.00 | 0 | 0 |
| Literature - European poetry | 0 | 1 | 0 | 0 | 10 | 128 | 128.00 | 0 | 0 |
| Literature - World/Misc any | 0 | 1 | 0 | 0 | 10 | 95 | 95.00 | 0 | 1 |
| Literature - World/Misc drama | 0 | 1 | 0 | 0 | 10 | 151 | 151.00 | 0 | 0 |
| Literature - World/Misc long fiction | 0 | 1 | 0 | 0 | 10 | 107 | 107.00 | 0 | 0 |
| Philosophy - Medieval | 0 | 1 | 0 | 0 | 10 | 113 | 113.00 | 0 | 0 |
| Social Science - Psychology | 0 | 1 | 0 | 0 | 10 | 108 | 108.00 | 0 | 0 |
| Art - Other | 0 | 1 | 0 | 0 | 10 | 109 | 109.00 | 0 | 1 |
| Art - Visual | 0 | 1 | 0 | 0 | 10 | 105 | 105.00 | 1 | 1 |
| Current Events/Modern World - Mixed/Any | 0 | 1 | 0 | 1 | 10 | 128 | 128.00 | 0 | 0 |
| Current Events/Modern World - Rest of world social | 0 | 1 | 0 | 0 | 10 | 79 | 79.00 | 0 | 1 |
| Current Events/Modern World - United States political | 0 | 1 | 0 | 1 | 10 | 131 | 131.00 | 0 | 0 |
| Current Events/Modern World - Western political | 0 | 1 | 0 | 0 | 10 | 79 | 79.00 | 0 | 0 |
| Literature - American any | 0 | 1 | 0 | 0 | 10 | 98 | 98.00 | 0 | 0 |
| Literature - American drama | 0 | 1 | 0 | 0 | 10 | 88 | 88.00 | 0 | 1 |
| Science - Other | 0 | 1 | 0 | 0 | 10 | 122 | 122.00 | 1 | 1 |
| Social Science - Economics | 0 | 1 | 0 | 1 | 10 | 132 | 132.00 | 0 | 0 |
| Religion - Christianity/Judaism | 0 | 1 | 1 | 0 | 5 | 149 | 149.00 | 0 | 0 |
| Art - Painting/Sculpture | 0 | 1 | 2 | 1 | 0 | 149 | 149.00 | 0 | 0 |
| Science - Compsci | 0 | 0 | 1 | 0 | -5 | | 0.00 | 0 | 0 |
| Mythology - Mixed/Any | 0 | 0 | 1 | 0 | -5 | | 0.00 | 0 | 0 |
| Philosophy - Pre-20th | 0 | 0 | 1 | 0 | -5 | | 0.00 | 0 | 0 |
| Social Science - Linguistics | 0 | 0 | 1 | 0 | -5 | | 0.00 | 0 | 0 |
| Science - Chemistry | 0 | 0 | 1 | 0 | -5 | | 0.00 | 0 | 0 |